| Tag |
First Indicator |
Second Indicator |
Subfields |
| LEADER |
00000cam a2200000 4500 |
| 001 |
in00000061728 |
| 005 |
20151008050605.0 |
| 008 |
770719s1920 nyuc 00010 engm |
| 010 |
|
|
|a 20022042
|
| 035 |
|
|
|a (OCoLC)03125747
|
| 035 |
|
|
|9 AAG1988AM
|
| 040 |
|
|
|a DLC
|c SYB
|d TXA
|d UtOrBLW
|
| 049 |
|
|
|a TXAM
|c [104455]
|
| 050 |
0 |
0 |
|a E457.92
|b 1920
|
| 092 |
|
|
|a 308
|b L736se
|
| 100 |
1 |
|
|a Lincoln, Abraham,
|d 1809-1865.
|
| 245 |
1 |
0 |
|a Selected writings of Abraham Lincoln /
|c ed. by Albert Bushnell Hart.
|
| 264 |
|
1 |
|a New York,
|a Chicago [etc.] :
|b The Gregg publishing co.,
|c [1920]
|
| 264 |
|
4 |
|c [©1920]
|
| 300 |
|
|
|a 345 pages :
|b portraits ;
|c 17 cm.
|
| 336 |
|
|
|a text
|b txt
|2 rdacontent
|
| 337 |
|
|
|a unmediated
|b n
|2 rdamedia
|
| 338 |
|
|
|a volume
|b nc
|2 rdacarrier
|
| 490 |
0 |
|
|a Living literature series
|
| 700 |
1 |
|
|a Hart, Albert Bushnell,
|d 1854-1943.
|
| 999 |
|
|
|a MARS
|
| 999 |
f |
f |
|s a3d9e6b9-b51b-38ba-b62b-4047d39cf01b
|i 7471a716-85e2-3853-82e3-b5318f9ef959
|t 0
|
| 952 |
f |
f |
|p ric
|a Texas A&M University
|b Rellis Campus
|c Joint Library Facility
|d Remote Storage
|t 0
|e E457.92 1920
|h Library of Congress classification
|i unmediated -- volume
|m A14800646748
|
| 998 |
f |
f |
|a E457.92 1920
|t 0
|l Remote Storage
|